Еще один шанс (Запись № 1480506)

Подробности
000 -МАРКЕР
контрольное поле 02286nam0a2200361 4500
001 - ИДЕНТИФИКАТОР ЗАПИСИ
контрольное поле RU\NLR\bibl\1452125
005 - ИДЕНТИФИКАТОР ВЕРСИИ
контрольное поле 20250615232154.0
010 ## - МЕЖДУНАРОДНЫЙ СТАНДАРТНЫЙ НОМЕР КНИГИ (ISBN)
Номер (ISBN) 978-5-17-061551-3
Уточнения АСТ
010 ## - МЕЖДУНАРОДНЫЙ СТАНДАРТНЫЙ НОМЕР КНИГИ (ISBN)
Номер (ISBN) 978-5-403-02326-9
Уточнения АСТ МОСКВА
Тираж 3000
021 ## - НОМЕР ГОСУДАРСТВЕННОЙ РЕГИСТРАЦИИ
Код страны Российская Федерация
Номер 2009-85822
Номер Листа государственной регистраци 5404
035 ## - ДРУГИЕ СИСТЕМНЫЕ НОМЕРА
Идентификатор записи (nilc)IZD\AST\2007\956431
035 ## - ДРУГИЕ СИСТЕМНЫЕ НОМЕРА
Идентификатор записи (NLR Aleph) 001443937
100 ## - ДАННЫЕ ОБЩЕЙ ОБРАБОТКИ
Данные общей обработки 20091022d2009 |||y0rusy50 ca
101 1# - ЯЗЫК РЕСУРСА
Язык текста, звукозаписи и т.д. русский
Язык оригинала английский
102 ## - СТРАНА ПУБЛИКАЦИИ ИЛИ ПРОИЗВОДСТВА
Страна публикации Российская Федерация
105 ## - ПОЛЕ КОДИРОВАННЫХ ДАННЫХ: ТЕКСТОВЫЕ МАТЕРИАЛЫ, МОНОГРАФИЧЕСКИЕ
Кодированные данные о монографическом текстовом документе y |||||||||
200 1# - ЗАГЛАВИЕ И СВЕДЕНИЯ ОБ ОТВЕТСТВЕННОСТИ
Основное заглавие Еще один шанс
Сведения, относящиеся к заглавию [роман]
Первые сведения об ответственности Хейли Норт
Последующие сведения об ответственности [пер. с англ. И.В. Ермаковой]
210 ## - ПУБЛИКАЦИЯ, РАСПРОСТРАНЕНИЕ И ДР.
Место издания, распространения и т.д. Москва
Имя издателя, распространителя и т. д. ACT
-- АСТ МОСКВА
Дата издания, распространения и т.д. 2009 (макет 2010)
215 ## - ФИЗИЧЕСКАЯ ХАРАКТЕРИСТИКА
Специфическое обозначение материала и объем 317, [1] с.
Размеры 21
225 1# - СЕРИЯ
Основное заглавие серии Любовь вступает в свои права
330 ## - РЕЗЮМЕ ИЛИ РЕФЕРАТ
Текст примечания Когда-то Харриет Смит была просто незаметной "серой мышкой", а красавец Джейк Портер - самым популярным парнем в школе. Когда-то их любовь, вспыхнувшая на выпускном балу, оборвалась, так и не успев расцвести. Годы спустя Харриет, знаменитая художница, и Джейк, добившийся успеха в музыкальном бизнесе, встречаются вновь. Теперь они взрослые люди, состоявшиеся, самодостаточные - и очень одинокие. Поначалу ни Джейк, ни Харриет даже не помышляют о романе, а тем более о браке. Но постепенно их любовь возвращается - и снова властно вступает в свои права...
686 ## - ИНДЕКСЫ ДРУГИХ КЛАССИФИКАЦИЙ
Индекс 84(7Сое)-44
Издание LBC/PL
Код системы
686 ## - ИНДЕКСЫ ДРУГИХ КЛАССИФИКАЦИЙ
Индекс 0661
-- Зарубежная сентиментальная литература
Код системы
686 ## - ИНДЕКСЫ ДРУГИХ КЛАССИФИКАЦИЙ
Индекс Ш6(7США)67-440.4{Лх1979-50}
700 #1 - ИМЯ ЛИЦА - ПЕРВИЧНАЯ ОТВЕТСТВЕННОСТЬ
Начальный элемент ввода Норт
Часть имени, кроме начального элемента ввода Х.
Расширение инициалов личного имени Хейли
Код отношения Автор
801 #0 - ИСТОЧНИК ЗАПИСИ
Страна Российская Федерация
Организация ЛИБНЕТ
Дата составления 20091022
801 #1 - ИСТОЧНИК ЗАПИСИ
Страна Российская Федерация
Организация ЦУНБ Москва
Дата составления 20091111
Источник данных rusmarc
801 #2 - ИСТОЧНИК ЗАПИСИ
Страна Российская Федерация
Организация NLR
Дата составления 20091215
Правила каталогизации rcr
830 ## - ОБЩЕЕ ПРИМЕЧАНИЕ, СОСТАВЛЕННОЕ КАТАЛОГИЗАТОРОМ
Текст примечания CODE_OF_LIBNET\000040617
942 ## - ДОПОЛНИТЕЛЬНЫЕ ЭЛЕМЕНТЫ ЗАПИСИ (АБИС)
Тип экземпляра АБИС Книга
980 ## - КОЛЛЕКЦИЯ
Название коллекции Национальная библиография
Экземпляры
Тип экземпляра Дата поступления Источник поступления Библиотека постоянного хранения Библиотека текущего хранения Место хранения Шифр хранения Штрих-код Статус экземпляра
Книга 15.12.2009 Обязательный экземпляр РНБ (Московский) РНБ (Московский) Русский книжный фонд: издания с 1957 года 2009-3/40966 3064891  
Книга 15.12.2009 Обязательный экземпляр РНБ (Московский) РНБ (Московский) Русский книжный фонд: издания с 1957 года 2009-3/40966 3064892